Sociálne dôsledky globalizácie

Salvato in:
Dettagli Bibliografici
Autore principale: Kochan, Ján, 1981- (Autore)
Altri autori: Odlerová, Eva, 1954- (Relatore della tesi)
Natura: Manoscritto Libro
Lingua:slovacco
Pubblicazione: STU v Bratislave MTF UIPH, 2010
Accesso online:VAIS
Tags: Aggiungi Tag
Nessun Tag, puoi essere il primo ad aggiungerne!!

MARC

LEADER 00000ntm a22000003a 4500
001 stu208082
005 20160719160250.1
008 100722s2010------------------------slo-d
040 |a STU  |b slo 
041 0 |a slo 
100 1 |a Kochan, Ján,  |d 1981-  |4 aut  |X 57548  |7 A000057548 
242 0 0 |a Social consequences of globalization  |y eng 
245 1 |a Sociálne dôsledky globalizácie 
260 |b STU v Bratislave MTF UIPH,  |c 2010 
700 1 |a Odlerová, Eva,  |d 1954-  |4 ths  |u M4000  |U MTF Materiálovotechnologická fakulta  |T MTF Ústav priemyselného inžinierstva a manažmentu  |X 4165  |U M4000  |Y 84  |7 A000004165 
856 4 |a info a plný text  |u http://is.stuba.sk/zp/portal_zp.pl?podrobnosti=58820  |3 VAIS 
996 |c M*DP-9526  |l MMSKP  |s P  |a 0  |w stu208082_0001